One Piece - Personnages les plus puissant à la fin du manga - Statistiques

Statistiques générales
  • Ce quiz a été pris 195 fois
  • Le résultat moyen est 17 sur 28
Statistiques - réponses
Top Personnages % Correct
🥇 Monkey D. Luffy
99%
11èm Roronoa Zoro
95%
5èm Figarland Shanks
91%
17èm Vinsmoke Sanji
91%
4èm Marshall D. Teach
87%
🥈 Nerona Imu
83%
12èm Dracule Mihawk
78%
24èm Jinbe
77%
7èm Trafalgar D. Water Law
77%
6èm Sakazuki Akainu
74%
8èm Eustass "Captain" Kid
70%
14èm Loki
68%
🥉 Monkey D. Dragon
68%
19èm Borsalino Kizaru
67%
9èm Kuzan Aokiji
67%
29èm Nico Robin
67%
13èm Sabo
65%
23èm Issho Fujitora
57%
27èm Koby
53%
22èm Aramaki Ryokugyu
48%
18èm Yamato
45%
20èm Boa Hancock
39%
10èm Ben Beckmann
38%
30èm Jesus Burgess
33%
21èm Shiryu
20%
28èm Hajrudin
17%
25èm Cavendish
10%
26èm Karasu
10%
Aucun quiz correspondant
Distribution des résultats
% des personnes avec chaque résultat
Percentile par nombre de réponses
Votre historique - résultats
Vous n’avez pas pris ce quiz